000 00334 a2200157 4500
001 183245
020 _a
040 _cMagnum
100 _aLawrence, D.h.
240 1 0 _aA serpente emplumada
_lpor
245 1 0 _aA serpente emplumada
300 _a418
440 1 _aRecord
697 _aLITERATURA GERAL ESTRANGEIRA
942 _cBK
999 _c183245
_d183245